00258nam a22000977a 4500003000400000005001700004008004100021040000800062082001700070245007300087OSt20250710090144.0250710b |||||||| |||| 00| 0 eng d cDLC a307.120bODH aGender Dimensions in Management of Decentralised Resources in Kenya